| 000 | 00881nam a2200265 a 4500 | ||
|---|---|---|---|
| 001 | 000107671 | ||
| 003 | CHAP | ||
| 005 | 20220817044546.0 | ||
| 008 | 131003s2012 mx |rm |0|||||spa d | ||
| 010 | _a104133 | ||
| 011 | _a105105 | ||
| 040 | _cCHAP | ||
| 090 | _aTesis | ||
| 100 | 1 |
_aMena Guzmán, Felipe _9124405 |
|
| 245 | 1 | 0 |
_aEfecto de la adición de diferentes niveles de probiótico (Diamond Se) en el alimento sobre el comportamiento productivo del pollo de engorda / _cpor Felipe Mena Guzmán. |
| 260 |
_aCocula, Gro. : _bEl autor, _c2012. |
||
| 300 | _a48 h. | ||
| 502 | _aTesis (Ing. Agrónomo Zootecnista) -- Colegio Superior Agropecuario del Estado de Guerrero | ||
| 590 |
_aE11695DGD _b10 _c20131003 _lUCH01 _h1502 |
||
| 650 | 1 | 4 |
_aPollos _xEngorda. |
| 650 | 1 | 4 |
_aProbióticos _xAlimentación animal. _991694 |
| 901 | _aBK | ||
| 942 | _cTESIS | ||
| 942 | _n0 | ||
| 999 |
_c104133 _d104133 |
||